Leadership of the United States Senate - Statistics

General Stats
  • This quiz has been taken 13 times
  • The average score is 19 of 25
Answer Stats
Picture Hint Answer % Correct
Chair of Senate Democratic Outreach Bernie Sanders
100%
Senate Minority Leader Chuck Schumer
100%
Chair of the Senate Democratic Caucus Chuck Schumer
100%
President of the Senate JD Vance
100%
President pro tempore Chuck Grassley
88%
Chair of the Senate Democratic Strategic Communications Committee Cory Booker
88%
Senate Minority Whip Dick Durbin
88%
Vice Chairs of the Senate Democratic Caucus Elizabeth Warren
88%
Chair of the Senate Democratic Steering and Policy Committee Amy Klobuchar
75%
Senate Majority Whip John Barrasso
75%
Senate Majority Leader John Thune
75%
Chair of the Democratic Senatorial Campaign Committee Kirsten Gillibrand
75%
Vice Chairs of the Senate Democratic Caucus Mark Warner
75%
President pro tempore emerita Patty Murray
75%
Chair of the Senate Republican Steering Committee Rick Scott
75%
Chair of the National Republican Senatorial Committee Tim Scott
75%
Chair of the Senate Republican Conference Tom Cotton
75%
Deputy Secretaries of the Senate Democratic Caucus Brian Schatz
63%
Senate Democratic Chief Deputy Whip Brian Schatz
63%
Vice Chair of Senate Democratic Outreach Catherine Cortez Masto
63%
Deputy Secretaries of the Senate Democratic Caucus Chris Murphy
63%
Vice Chair of the Senate Republican Conference James Lankford
50%
Senate Republican Chief Deputy Whip Mike Crapo
50%
Chair of the Senate Republican Policy Committee Shelley Moore Capito
50%
Secretary of the Senate Democratic Caucus Tammy Baldwin
50%
No matching quizzes found
Score Distribution
Percent of People with Each Score
Percentile by Number Answered
Your Score History
You have not taken this quiz